The profit potential : (Record no. 2464)
[ view plain ]
| 000 -LEADER | |
|---|---|
| fixed length control field | 00564nam a22002057a 4500 |
| 001 - CONTROL NUMBER | |
| control field | 2464 |
| 003 - CONTROL NUMBER IDENTIFIER | |
| control field | BD-DhBUF |
| 005 - DATE AND TIME OF LATEST TRANSACTION | |
| control field | 20250723123449.0 |
| 008 - FIXED-LENGTH DATA ELEMENTS--GENERAL INFORMATION | |
| fixed length control field | 250723b bg ||||| |||| 00| 0 ben d |
| 020 ## - INTERNATIONAL STANDARD BOOK NUMBER | |
| International Standard Book Number | 093924666x |
| 040 ## - CATALOGING SOURCE | |
| Original cataloging agency | BD-DhBUF |
| Transcribing agency | BD-DhBUF |
| 082 ## - DEWEY DECIMAL CLASSIFICATION NUMBER | |
| Classification number | 657 |
| 100 ## - MAIN ENTRY--PERSONAL NAME | |
| Personal name | C.J.McNair |
| 9 (RLIN) | 3845 |
| 245 ## - TITLE STATEMENT | |
| Title | The profit potential : |
| Remainder of title | taking high performance to the bottom line / |
| 260 ## - PUBLICATION, DISTRIBUTION, ETC. | |
| Place of publication, distribution, etc. | Vermont : |
| Name of publisher, distributor, etc. | An Imprint of the oliver Wight , |
| Date of publication, distribution, etc. | C 1994. |
| 300 ## - PHYSICAL DESCRIPTION | |
| Extent | xix, 246p. : |
| Dimensions | 23cm. ; |
| 526 ## - STUDY PROGRAM INFORMATION NOTE | |
| Program name | BBA |
| 650 ## - SUBJECT ADDED ENTRY--TOPICAL TERM | |
| Source of heading or term | Accounting and Finance |
| 942 ## - ADDED ENTRY ELEMENTS (KOHA) | |
| Source of classification or shelving scheme | Dewey Decimal Classification |
| Koha item type | Books |
| Withdrawn status | Lost status | Source of classification or shelving scheme | Damaged status | Not for loan | Home library | Current library | Date acquired | Total Checkouts | Full call number | Barcode | Date last seen | Copy number | Price effective from | Koha item type |
|---|---|---|---|---|---|---|---|---|---|---|---|---|---|---|
| Dewey Decimal Classification | BUFT Library | BUFT Library | 07/26/2001 | 657 M4789p 1994 | 2001-0713 | 07/23/2025 | C-1 | 07/23/2025 | Books | |||||
| Dewey Decimal Classification | BUFT Library | BUFT Library | 07/26/2001 | 657 M4789p 1994 | 2001-0714 | 07/23/2025 | C-2 | 07/23/2025 | Books |
